| 000 | 00000cas 2200000za 4500 |
| 001 | 9.838972 |
| 003 | CaOODSP |
| 005 | 20251107154328 |
| 007 | cr ||||||||||| |
| 008 | 170627c20179999oncar pso||||f0 a0eng| |
| 022 | |a2560-9521 |
| 040 | |aCaOODSP|beng |
| 043 | |an-cn--- |
| 086 | 1 |aDG2-7E-PDF |
| 110 | 1 |aCanada. |bMilitary Grievances External Review Committee. |
| 222 | 0|aDepartmental results report |b(Canada. Military Grievances External Review Committee) |
| 245 | 10|aDepartmental results report |h[electronic resource] / |cMilitary Grievances External Review Committee. |
| 260 | |a[Ottawa] : |bMilitary Grievances External Review Committee, |cc2017- |
| 310 | |aAnnual |
| 362 | 0 |aBegan with: 2016/17. |
| 500 | |aIssued also in French under title: Rapport sur les résultats ministériels. |
| 775 | 08|tRapport sur les résultats ministériels |w(CaOODSP)9.838976 |
| 780 | 00|tDepartmental performance report |w(CaOODSP)9.507694 |